000 00230nam a22000857a 4500
008 160720b xxu||||| |||| 00| 0 eng d
100 _93079
_aLuthra H.L
245 _aPhysical Education-IX & X
260 _aNew Delhi
_bPPC Publication
_c2011
999 _c2642
_d2642